| 000 | 01255cam a2200313 4500 | ||
|---|---|---|---|
| 001 | 4076276 | ||
| 005 | 19740603000000.0 | ||
| 008 | 721107s1972 enka jr 001 0 eng | ||
| 010 | _a 71158763 | ||
| 020 | _a0600354768 | ||
| 020 | _a9780600354765 | ||
| 040 |
_aDLC _cDLC _dDLC |
||
| 042 | _alcac | ||
| 050 | 0 | 0 |
_aAG195 _b.L338 |
| 082 | 0 | 0 |
_a081 _222 _bLEO |
| 100 | 1 |
_aLeokum, Arkady. _927614 |
|
| 245 | 1 | 0 |
_aLots More Tell Me Why : _bAnswers to Hundreds of Questions Children Ask / _cBy arkady Leokum; Illus. by Cynthia Iliff Koehler and Alvin Koehler. |
| 260 |
_aLondon : _bHamlyn, 1974 _c1974 |
||
| 300 |
_a397 P. : _bill. (part col.) _c25 cm. |
||
| 520 | _aQuestions and answers about such things as the world around us and how it began, the human body, how other creatures live, and how things are made. | ||
| 650 | 0 |
_aChildren's questions and answers. _927615 |
|
| 650 | 1 |
_aQuestions and answers. _927616 |
|
| 653 |
_bGen _cOctober2011 |
||
| 700 | 1 |
_aKoehler, Cynthia Iliff, _eillus. _927617 |
|
| 700 | 1 |
_aKoehler, Alvin, _eillus. _927618 |
|
| 740 | _aTell me why. | ||
| 942 |
_2ddc _cBB |
||
| 999 |
_c16163 _d16163 |
||